| 000 | 04077nam a2200481 a 4500 | ||
|---|---|---|---|
| 005 | 19970826110403.2 | ||
| 008 | 900214r19901970nyuaf | 00| 0 eng | ||
| 010 | _aB-310541-555 | ||
| 020 |
_a817223578x _c195.00 |
||
| 020 |
_a9788172235789 _c195.00 |
||
| 035 | _aB-310541-555 | ||
| 035 | _aB-359013 | ||
| 037 | _bGDMK | ||
| 040 |
_adpl _bEnglish |
||
| 082 | _a883 | ||
| 100 | _aBach, Richard | ||
| 245 |
_aJonathan Livingston Seagull : _cby Richard Bach ; photographed by Russell Munson _ba story / |
||
| 260 |
_aUttar Pradesh _bHarperCollins _c2008 |
||
| 270 |
_aA-53,Sector 57, Noida _bUttar Pradesh _e201301 |
||
| 300 |
_a87 p. : _bphotos _c23 cm. (pbk) |
||
| 500 | _aAccompanied by: Epilogue to the twentieth anniversary ed. | ||
| 650 |
_aGulls _xFiction. |
||
| 700 | _aMunson, Russell | ||
| 942 |
_2ddc _cEN _h883 _mBAC |
||
| 999 |
_c15827 _d15827 |
||